| 000 | 00553nam a2200217Ia 4500 | ||
|---|---|---|---|
| 005 | 20250508165017.0 | ||
| 008 | 008 250505s9999 xx 000 0 eng d | ||
| 020 | _a1-85302-078-8 | ||
| 037 | _aTextual | ||
| 040 |
_aFEDL _beng _cFEDL |
||
| 041 |
_aeng _2eng |
||
| 084 |
_a179.3, GAN _qFEDL |
||
| 100 | _aGandhi Maneka | ||
| 245 | 0 | _aHeads and tails | |
| 260 |
_aGoa, India _bThe Other India Press _c1994 |
||
| 300 | _a182p. | ||
| 365 |
_aINR _b75 |
||
| 546 | _aMACESE | ||
| 942 |
_cTEXL _h179.3, GAN |
||
| 999 |
_c1392636 _d1392636 |
||